000 00359nam a22001337a 4500
008 160523b xxu||||| |||| 00| 0 eng d
020 _a9780131525993
020 _a9780131525993
020 _a01315255999
041 _aeng
080 _a615
245 _aPharmacology connections to nursing practice
_cMichael Patrick Adams; Robert W. Koch;
942 _2udc
_cBK
999 _c2397
_d2397